Letters of the Estonian alphabet - Statistics

General Stats
  • This quiz has been taken 311 times
  • The average score is 19 of 27
Answer Stats
Letter % Correct
A
100%
B
100%
D
99%
E
99%
F
99%
G
99%
H
99%
I
98%
J
97%
K
97%
L
97%
M
96%
N
96%
O
96%
P
95%
R
91%
S
91%
Š
50%
U
38%
V
38%
T
37%
Z
31%
Ž
28%
Õ
22%
Ä
20%
Ö
19%
Ü
17%
No matching quizzes found
Score Distribution
Percent of People with Each Score
Percentile by Number Answered
Your Score History
You have not taken this quiz